000 00772nam a2200205Ii 4500
003 JO-AjNU
008 230605s9999||||xx |||||||||||||| ||und||
017 _a1990/5/323
040 _aJO-AjNU
_bara
_erda
_cJO-AjNU
041 _aara
050 1 4 _aHQ769 .T3425 1990
100 3 _aالزبادي، احمد محمد .....واخرون,
_eauthor
_952903
245 0 0 _aتخطيط برامج تربية الطفل وتطويرها
264 3 1 _aعمان: دار الثقافة للنشر والتوزيع، 1990
300 _a128ص
_bيحتوي على ببلوغرافية من 125-128ص
336 _atext
_btxt
_2rdacontent
337 _aunmediated
_bn
_2rdamedia
338 _avolume
_bnc
_2rdacarrier
650 4 _aالاطفال - سيكولوجية - تربية
_952904
999 _aA23462
_c27030
_d27030